My Songs - Statistics

General Stats
  • This quiz has been taken 3 times
  • The average score is 4 of 51
Answer Stats
Hint Answer % Correct
Eminem Lose Yourself
100%
Kanye West Runaway
67%
Gorillaz Clint Eastwood
33%
Gorillaz Feel Good Inc.
33%
Kanye West Gold Digger
33%
Eminem Mockingbird
33%
Eminem Stan
33%
Kanye West Stronger
33%
Eminem The Real Slim Shady
33%
Eminem 8 Mile
0%
Eminem 911
0%
Eminem Beautiful
0%
Eminem Berzerk
0%
Kanye West Big Brother
0%
Other Bittersweet Symphony
0%
Eminem Business
0%
Kanye West Can't Tell Me Nothing
0%
Eminem Castle
0%
Eminem Cleanin' Out My Closet
0%
Eminem Deja Vu
0%
Eminem Discombobulated
0%
Flight Disingenuous
0%
Eminem Drug Ballad
0%
Eminem Farewell
0%
Kanye West Flashing Lights
0%
Dr. Dre Forgot About Dre
0%
Other Gangsta's Paradise
0%
Eminem Gnat
0%
Kanye West Good Life
0%
Kanye West Homecoming
0%
Eminem Houdini
0%
Dr. Dre I Need a Doctor
0%
Eminem In Too Deep
0%
Other It Was a Good Day
0%
Eminem Kill You
0%
Eminem Lucifer
0%
Other Ms. Jackson
0%
Eminem Music Box
0%
Eminem My Band
0%
Eminem No Love
0%
Other No Role Modelz
0%
Kanye West POWER
0%
Eminem Sing For The Moment
0%
Eminem So Bad
0%
Eminem Superman
0%
Flight That's My Typa
0%
Eminem The Way I Am
0%
Eminem Under The Influence
0%
Dr. Dre What's The Difference
0%
Eminem Without Me
0%
Eminem You're Never Over
0%
No matching quizzes found
Score Distribution
Percent of People with Each Score
Percentile by Number Answered
Your Score History
You have not taken this quiz